[Event "Icelandic Cup 2021"]
[Site "Reykjavik"]
[Date "2021.03.10"]
[Round "2.1"]
[White "Gretarsson, Hjorvar Steinn"]
[Black "Kjartansson, Gudmundur"]
[Result "1-0"]
[WhiteElo "2578"]
[BlackElo "2483"]
[Annotator "TA"]
[PlyCount "67"]
[EventDate "2021.03.03"]
[EventType "k.o."]
[EventCountry "ISL"]
[SourceTitle "playchess.com"]
[Source "ChessBase"]
[SourceQuality "1"]

{[%evp 11,67,0,8,-17,-20,-46,-8,-17,-10,-14,22,12,27,43,56,33,91,84,186,187,149,40,43,35,79,76,68,79,85,0,0,0,150,154,154,152,157,147,726,710,1097,29952,29962,2434,1946,1935,29971,29972,2354,2344,29974,29969,5822,4898,29960,12828,5743,2940]} 1. c4 c6 2. Nf3 Nf6 3. Nc3 d5 4. e3 e6 5. b3 Bd6 6. Bb2 O-O 7. Qc2 {A11: English Opening: 1...c6.} e5 8. Be2 $5 {[%mdl 4] Leaves trodden paths.} Bg4 (8... e4 $5 {[%cal Re4f3]} 9. Nd4 a6 $15) 9. h3 {The position is equal.} Bh5 {[#]} 10. d3 $146 ({Predecessor:} 10. O-O dxc4 11. bxc4 Na6 12. Rfd1 Qe7 13. d3 Rad8 14. Rab1 Rd7 15. Ng5 Bg6 16. Qc1 {1-0 (84) Patuzzo,F (2274)-Eriksson,C (2129) Helsingor 2011}) 10... a6 11. g4 Bg6 12. g5 Nfd7 13. h4 dxc4 ({Black should try} 13... Bh5 $14) 14. bxc4 $16 Nc5 (14... Bf5 $16 {was worth a try.}) 15. h5 $18 Bf5 16. Ne4 (16. Nh4 $16 Bc8 17. O-O-O) 16... Bxe4 $14 17. dxe4 Nbd7 18. O-O-O Qc7 19. Nh4 {And now Nf5 would win.} Be7 20. Nf5 (20. Rhg1 $16) 20... Bxg5 $11 21. Rhg1 h6 ({Black should play} 21... f6 $1 $11) 22. f4 $1 $36 {[%cal Rf4g5][%mdl 2048] Black is under strong pressure.} Bf6 23. Nxh6+ $1 Kh8 {[#]} 24. Ng4 {h6 is the strong threat.} exf4 $2 {[%mdl 8192] This costs Black the game.} (24... Rae8 $16 25. Bf3 Bd8) 25. h6 $18 {Threatening mate with hxg7+.} Bxb2+ 26. Qxb2 {[%csl Gh6][%cal Rb2g7]} Rg8 27. hxg7+ (27. Rg2 $142 f6 28. hxg7+ Rxg7 29. Nxf6 Nxf6 30. Qxf6 f3 31. Bxf3 Qf7 32. Rd8+ Rxd8 33. Rh2+ Kg8 34. Qxd8+ Qf8 {[#]} 35. Rh8+ $3 {[%mdl 576] Skewer, Deflection} Kxh8 36. Qxf8+ Kh7 37. Qxc5) 27... Rxg7 28. Rg2 {White wants to mate with Rh1+.} f6 29. Nxf6 Nxf6 30. Qxf6 Qf7 31. Rh2+ Kg8 32. Rd8+ Rxd8 33. Qxd8+ Qf8 {[#]} 34. Rh8+ $1 {[%mdl 576] Skewer.  Weighted Error Value: White=0.19/Black=1.16} 1-0

[Event "Icelandic Cup 2021"]
[Site "Reykjavik"]
[Date "2021.03.10"]
[Round "2.1"]
[White "Gretarsson, Helgi Ass"]
[Black "Stefansson, Hannes"]
[Result "0-1"]
[WhiteElo "2440"]
[BlackElo "2536"]
[Annotator "TA"]
[PlyCount "74"]
[EventDate "2021.03.03"]
[EventType "k.o."]
[EventCountry "ISL"]
[SourceTitle "playchess.com"]
[Source "ChessBase"]
[SourceQuality "1"]

{[%evp 21,74,12,0,0,0,0,-2,0,0,-10,-8,0,29998,-61,-73,-65,-62,-135,-132,-135,-136,-136,-139,-124,-133,-131,-130,-408,-416,-585,-564,-583,-579,-555,-558,-683,-618,-629,-620,-612,-504,-500,-491,-596,-566,-735,-722,-669,-646,-2204,-2012,-2340,-2052,-1760,-2019]} 1. d4 Nf6 2. c4 e6 3. Nf3 b6 4. a3 Bb7 5. Nc3 d5 6. cxd5 Nxd5 7. Qc2 Nxc3 8. bxc3 Nd7 9. e4 c5 10. Bf4 cxd4 11. cxd4 Rc8 12. Qb3 {E12: Queen's Indian: Unusual White 4th moves, 4 a3, 4 Nc3 Bb7 5 a3 and 4 Nc3 Bb7 .} h6 13. Bd3 g5 14. Bg3 {The position is equal.} Bg7 15. Bd6 Rc6 16. e5 {[#] Intending Qxe6+! and mate.} g4 $5 $146 {[%mdl 8] [#] New and interesting.} (16... Rxd6 $11 17. exd6 O-O) ({Predecessor:} 16... Rxd6 17. exd6 O-O 18. Rd1 Nf6 19. h4 g4 20. Ne5 Bxg2 21. Rg1 Bd5 22. Qc3 h5 {½-½ (50) Pilarska,L (2114)-Caressa,M (2240) ICCF email 2011}) 17. Nd2 $2 {[#]} (17. Qxe6+ $1 {[%mdl 512] mates} fxe6 18. Bg6#) 17... Rxd6 $1 $15 18. exd6 Bxd4 19. Rc1 {[#]} ({White should play} 19. Rd1 $1 $15 Bxg2 20. Rg1) 19... Nc5 $1 $36 {[%cal Rc5b3][%mdl 3072] Black has strong compensation. Keeping White busy.} ({Not} 19... Bxg2 20. Rg1 $11) 20. Bb5+ Kf8 21. Qg3 Qg5 22. h4 Qf6 23. d7 {Strongly threatening Nb3.} Ke7 24. Rxc5 $4 {[%mdl 8192]} (24. O-O $17) 24... Bxc5 $19 25. Qc7 {[#]} (25. O-O $142 Rd8 26. Rd1) 25... Rd8 $1 {Black is clearly winning.} 26. Qxb7 Qa1+ 27. Ke2 Qxh1 28. Bc6 Qa1 29. Qxa7 Qe5+ 30. Kd1 Bxf2 {Hoping for ...Qa1+.} 31. Qa4 f5 32. h5 Qd4 33. Qb4+ Qxb4 34. axb4 Rxd7 35. Bxd7 Kxd7 36. Ke2 Bg3 37. Kd3 Kc6 {Never resign too early!  Weighted Error Value: White=1.02/Black=0.28} 0-1

[Event "Icelandic Cup 2021"]
[Site "Reykjavik"]
[Date "2021.03.13"]
[Round "2.2"]
[White "Stefansson, Hannes"]
[Black "Gretarsson, Helgi Ass"]
[Result "0-1"]
[WhiteElo "2536"]
[BlackElo "2440"]
[Annotator "ChessBase"]
[PlyCount "101"]
[EventDate "2021.03.03"]
[EventType "k.o."]
[EventCountry "ISL"]
[SourceTitle "playchess.com"]
[Source "ChessBase"]
[SourceQuality "1"]
[TimeControl "5400+30"]

1. e4 {[%emt 0:00:00]} d6 {[%emt 0:00:22]} 2. d4 {[%emt 0:00:00]} Nf6 {[%emt 0:00:05]} 3. Nc3 {[%emt 0:00:53]} e5 {[%emt 0:00:51]} 4. Nf3 {[%emt 0:00:55]} Nbd7 {[%emt 0:00:06]} 5. Bc4 {[%emt 0:02:41]} Be7 {[%emt 0:00:11]} 6. O-O {[%emt 0:01:26]} c6 {[%emt 0:10:09]} 7. a4 {[%emt 0:02:52]} h6 {[%emt 0:09:25]} 8. Re1 {[%emt 0:07:11]} Qc7 {[%emt 0:09:00]} 9. h3 {[%emt 0:03:21]} a5 {[%emt 0:05:13]} 10. Be3 {[%emt 0:04:43]} g5 {[%emt 0:04:28]} 11. Bf1 {[%emt 0:14:55]} Nf8 {[%emt 0:06:12]} 12. Nd2 {[%emt 0:04:47]} g4 {[%emt 0:05:03]} 13. dxe5 {[%emt 0:08:25]} dxe5 {[%emt 0:00:05]} 14. Nc4 {[%emt 0:03:23]} gxh3 {[%emt 0:03:02]} 15. gxh3 {[%emt 0:01:16]} Be6 {[%emt 0:00:38]} 16. Bb6 {[%emt 0:01:45]} Qb8 {[%emt 0:00:09]} 17. Qd2 {[%emt 0:01:34]} Bb4 {[%emt 0:04:55]} 18. f4 {[%emt 0:05:39]} N8d7 {[%emt 0:05:01]} 19. Bf2 {[%emt 0:01:08]} Rg8+ {[%emt 0:08:37]} 20. Kh1 {[%emt 0:06:24]} exf4 {[%emt 0:00:19]} 21. e5 {[%emt 0:00:47]} Nh5 {[%emt 0:11:59]} 22. Kh2 {[%emt 0:00:40]} Kf8 {[%emt 0:02:45]} 23. Re4 {[%emt 0:07:13]} Qc7 {[%emt 0:05:28]} 24. Be2 {[%emt 0:03:08]} Ng3 {[%emt 0:04:38]} 25. Qxf4 {[%emt 0:02:06]} Nxe4 {[%emt 0:01:37]} 26. Qxh6+ {[%emt 0:02:34]} Ke8 {[%emt 0:00:05]} 27. Nxe4 {[%emt 0:00:11]} Nxe5 {[%emt 0:00:36]} 28. Bg3 {[%emt 0:04:23]} Rxg3 {[%emt 0:01:46]} 29. Qh8+ {[%emt 0:00:31]} Bf8 {[%emt 0:00:49]} 30. Ncd6+ {[%emt 0:02:02]} Kd7 {[%emt 0:00:08]} 31. Qxe5 {[%emt 0:00:36]} Rxh3+ {[%emt 0:00:12]} 32. Kg2 {[%emt 0:00:05]} Bxd6 {[%emt 0:00:06]} 33. Rd1 {[%emt 0:00:35]} Rg8+ {[%emt 0:00:17]} 34. Kf2 {[%emt 0:00:07]} Rh1 {[%emt 0:01:51]} 35. Rxd6+ {[%emt 0:01:09]} Kc8 {[%emt 0:00:00]} 36. Rxe6 {[%emt 0:00:18]} Qb6+ {[%emt 0:01:15]} 37. Nc5 {[%emt 0:01:42]} Rh2+ {[%emt 0:00:07]} 38. Kf1 {[%emt 0:03:13]} Rh1+ {[%emt 0:00:32]} 39. Kf2 {[%emt 0:00:06]} fxe6 {[%emt 0:00:30]} 40. Qxe6+ {[%emt 0:00:00]} Kb8 {[%emt 0:00:00]} 41. Qxg8+ {[%emt 0:00:00]} Ka7 {[%emt 0:00:00]} 42. Qg5 {[%emt 0:00:00]} Qxb2 {[%emt 0:00:00]} 43. Nb3 {[%emt 0:00:00]} Rh2+ {[%emt 0:00:00]} 44. Kf3 {[%emt 0:00:00]} Qh8 {[%emt 0:00:00]} 45. Qf5 {[%emt 0:00:00]} Qc3+ {[%emt 0:00:00]} 46. Bd3 {[%emt 0:00:00]} Rxc2 {[%emt 0:00:00]} 47. Qxa5+ {[%emt 0:00:00]} Qxa5 {[%emt 0:00:00]} 48. Nxa5 {[%emt 0:00:00]} Ra2 {[%emt 0:00:00]} 49. Be4 {[%emt 0:00:00]} Ra3+ {[%emt 0:00:00]} 50. Kf4 {[%emt 0:01:17]} Rc3 {[%emt 0:00:00]} 51. Ke5 {[%emt 0:01:37]} 0-1

[Event "Icelandic Cup 2021"]
[Site "Reykjavik"]
[Date "2021.03.12"]
[Round "2.2"]
[White "Kjartansson, Gudmundur"]
[Black "Gretarsson, Hjorvar Steinn"]
[Result "1-0"]
[WhiteElo "2483"]
[BlackElo "2578"]
[Annotator "TA"]
[PlyCount "65"]
[EventDate "2021.03.03"]
[EventType "k.o."]
[EventCountry "ISL"]
[SourceTitle "playchess.com"]
[Source "ChessBase"]
[SourceQuality "1"]

{[%evp 9,65,-22,-19,-40,-47,-22,-27,-39,-45,-41,-31,-24,-30,-60,-60,-63,-72,-79,-77,-69,-65,-85,-82,-94,-46,-37,-19,-8,92,100,127,91,81,84,161,60,78,89,218,206,216,217,589,530,974,930,931,855,29978,29979,29979,29980,29980,29981,29979,29981,29982,29983]} 1. e4 c5 2. Nf3 e6 3. g3 Nc6 4. Bg2 Nf6 5. e5 Ng4 6. O-O {B40: Sicilian: 2...e6, Unusual lines.} Ngxe5 7. Nxe5 Nxe5 8. d4 {Black has an edge.} cxd4 9. Qxd4 Nc6 {[#]} 10. Qa4 $146 ({Predecessor:} 10. Qg4 Ne5 11. Qe2 d6 12. c4 Qc7 13. b3 Be7 14. Nc3 O-O 15. Ba3 Bd7 16. f4 {½-½ (45) Leon Hoyos,M (2552)-Diamant,A (2461) Saint Louis 2013}) 10... d6 11. Bxc6+ bxc6 12. Qxc6+ Bd7 13. Qc3 h5 14. h4 Be7 15. Nd2 Rc8 16. Qd3 Qb6 17. b3 Qc6 18. c4 g5 (18... O-O $11) 19. hxg5 $1 $16 h4 20. Ne4 hxg3 21. fxg3 d5 {[#]} (21... e5 $16 {keeps fighting.}) 22. cxd5 (22. Qc3 $1 $18 {[%cal Rc3h8]} Rg8 (22... Bc5+ 23. Nxc5) 23. Qf3 $1) 22... exd5 {[#]} 23. Nf6+ {[%mdl 64] Double Attack} Kd8 {This move loses the game for Black.} (23... Bxf6 $16 {might work better.} 24. Rxf6 Qc2 25. Qe3+ Be6) 24. Nxd7 $18 ({Wrong is} 24. Qxd5 $2 Bxf6 25. Qxc6 Bd4+ 26. Rf2 Bxc6 $19) (24. Nxd5 $2 Bc5+ 25. Rf2 (25. Be3 $2 Bxe3+ 26. Nxe3 Rh1+ 27. Kf2 Rh2+ 28. Ke1 Qc3+ 29. Qxc3 Rxc3 $19) 25... Bxf2+ 26. Kxf2 Qc2+ 27. Qxc2 Rxc2+ 28. Ke3 Rh1 $19) 24... Qxd7 {[#]} 25. Rf5 $1 {[%cal Rf5d5]} Rh3 $2 (25... Bc5+ {is a better chance.} 26. Kg2 d4) 26. Bf4 d4 {If only Black now had time for ...Qc6....} 27. Qe4 {Hoping for Rd5!} Ke8 28. Re1 Rc6 29. Re5 {White mates.} Re6 30. Rxe6 {[%mdl 64] Overworked Piece} fxe6 31. Qg6+ Kd8 32. Qg8+ Qe8 33. Qxe6 {Weighted Error Value: White=0.10/Black=0.68} 1-0

[Event "Icelandic Cup 2021"]
[Site "Reykjavik"]
[Date "2021.03.12"]
[Round "2.3"]
[White "Kjartansson, Gudmundur"]
[Black "Gretarsson, Hjorvar Steinn"]
[Result "0-1"]
[WhiteElo "2483"]
[BlackElo "2578"]
[Annotator "TA"]
[PlyCount "94"]
[EventDate "2021.03.03"]
[EventType "k.o."]
[EventCountry "ISL"]
[SourceTitle "playchess.com"]
[Source "ChessBase"]
[SourceQuality "1"]

{[%evp 9,94,12,38,16,21,14,27,12,75,67,62,50,44,25,21,-1,23,26,28,23,22,30,23,23,32,37,32,31,62,0,60,25,13,21,22,19,31,20,46,36,34,22,25,-18,-9,-16,-13,-102,-95,-107,-92,-75,-86,-126,53,-206,-204,-209,-209,-287,-229,-343,-330,-393,-331,-423,-503,-728,-722,-695,-689,-1183,-1000,-1734,-1711,-1729,-1603,-1387,-1343,-29978,-29978,-29981,-29982,-29982,-29982,-29980,-29981]} 1. e4 c5 2. Nf3 e6 3. d4 cxd4 4. Nxd4 Nc6 5. Nc3 Qc7 6. Qd3 {B47: Sicilian: Taimanov: 5 Nc3 Qc7 6 f4, 6 g3 and 6 Be2.} Nxd4 {6...Nf6 is setting a new trend.} 7. Qxd4 {Strongly threatening Nb5.} a6 8. Be3 {White has an edge.} d6 $5 {[%mdl 4] A promising side line.} (8... b5 $11 {keeps the balance.}) 9. Be2 Nf6 10. O-O-O b5 11. f4 Bb7 {[#]} 12. Bf3 $146 ({Predecessor:} 12. g4 Rc8 13. Rd2 e5 14. Qa7 Nxe4 15. Nxe4 Bxe4 16. Re1 Be7 17. Bd1 Qxa7 18. Bxa7 d5 19. fxe5 O-O 20. Be3 Rc6 21. g5 Bb4 22. c3 Bc5 23. b3 Rfc8 {½-½ (23) Alvarez Ibarra,R (2365)-Camejo Almeida,R (2375) Haifa 1989}) 12... Rc8 13. Kb1 Be7 14. g4 O-O 15. g5 Nd7 16. h4 Qc4 17. a3 Qxd4 18. Bxd4 Rc7 19. Rd3 (19. Bg4 $14) 19... Rfc8 ({Black should play} 19... Nc5 $11) 20. f5 Nc5 21. Re3 e5 22. Bxc5 Rxc5 23. Be2 Kf8 24. f6 gxf6 25. Rf1 fxg5 26. Bh5 (26. Ref3 $5 {[%cal Rf3f7]} f6 27. hxg5 Rxc3 28. Rxc3 Rxc3 29. bxc3 $14) 26... Kg8 ({But not} 26... gxh4 $2 27. Rxf7+ Kg8 28. Rxe7 $18) 27. Bxf7+ Kg7 {Hoping for ...Rf8.} 28. Bd5 {[#]} (28. Be6 $11 Rf8 29. Rxf8 Kxf8 30. Rf3+ Ke8 31. Bf7+ Kd8 32. hxg5) 28... Bxd5 $1 $17 29. Nxd5 {[#]} Rxd5 {[%mdl 512]} 30. exd5 {[%mdl 4096] Endgame KRR-KRB} g4 31. h5 Rc4 (31... Bh4 $17 32. Re4 Rc4 33. Rxc4 bxc4) 32. Rg3 $2 {[%mdl 8192] This costs White the game.} (32. b3 $1 $14 {was forced to keep a grip.} Rd4 33. c3 Rxd5 34. Rg3) 32... Bh4 $19 {[%mdl 1024] Black has strong compensation.} 33. Rg2 g3 34. c3 Rf4 35. Rh1 (35. Rfg1 $142) 35... Kf6 36. Kc2 Kg5 37. Kd3 Kg4 38. Ke3 Bd8 39. Ke2 Bb6 40. h6 Bf2 41. Rf1 Re4+ 42. Kd3 Re3+ 43. Kd2 Kf3 44. Rgg1 Re2+ {Black mates.} 45. Kd1 Rxb2 46. Kc1 Re2 47. Kd1 Ra2 {Weighted Error Value: White=0.66/Black=0.18} 0-1

[Event "Icelandic Cup 2021"]
[Site "Reykjavik"]
[Date "2021.03.12"]
[Round "2.3"]
[White "Gretarsson, Helgi Ass"]
[Black "Stefansson, Hannes"]
[Result "1-0"]
[WhiteElo "2440"]
[BlackElo "2536"]
[Annotator "TA"]
[PlyCount "65"]
[EventDate "2021.03.03"]
[EventType "k.o."]
[EventCountry "ISL"]
[SourceTitle "playchess.com"]
[Source "ChessBase"]
[SourceQuality "1"]

{[%evp 10,65,16,15,5,-8,4,2,-4,-1,-4,-23,0,-9,48,40,87,83,74,74,83,63,77,68,75,62,52,0,0,0,212,205,228,221,456,418,463,467,472,460,453,447,814,814,770,768,762,768,1709,1635,1416,922,1441,589,578,584,566,566]} 1. d4 Nf6 2. c4 e6 3. Nf3 b6 4. Bf4 Bb7 5. e3 Be7 6. Nc3 Nh5 {E12: Queen's Indian: Unusual White 4th moves, 4 a3, 4 Nc3 Bb7 5 a3 and 4 Nc3 Bb7 .} 7. Bd3 Nxf4 8. exf4 O-O {The position is equal.} 9. h4 {[#]} f5 $146 ({Predecessor:} 9... Bf6 10. Bxh7+ Kxh7 11. Ng5+ Kh6 12. Qd3 g6 13. h5 Kg7 14. hxg6 Rh8 15. Rh7+ Rxh7 16. gxh7 Bxg5 {0-1 (26) Morris,J-Hebel,E ICCF email 2015}) 10. Qe2 Bd6 11. g3 c5 (11... Qf6 $11) 12. Nb5 Be7 13. d5 $1 a6 14. Nc3 Bf6 15. O-O-O (15. dxe6 $6 dxe6 16. O-O-O Qc8 $11) 15... Bxc3 16. bxc3 Qf6 17. Kb2 b5 18. dxe6 (18. Rhe1 $1 $14) 18... b4 $11 19. Rhe1 Qxc3+ $2 (19... Nc6 $11 {and Black has nothing to worry.}) 20. Kb1 $18 b3 {[#] White must now prevent ...Bxf3.} 21. a3 (21. e7 Re8 $11) 21... b2 $2 (21... h6 22. e7 Re8) 22. Ng5 {Threatening mate with Qh5.} Nc6 23. e7 {White is clearly winning.} Nxe7 {...Bc6 is the strong threat.} 24. Qh5 {[%csl Gg5][%cal Rh5h7]} ({Not} 24. Qxe7 Qxa3 25. Qxd7 Rad8 $18) 24... h6 {Threatens to win with ...Nc6.} 25. Rxe7 Rf6 ({Avoid the trap} 25... hxg5 $2 26. hxg5 Rf6 27. gxf6) (25... Rab8 $142 26. Qg6 (26. Rxd7 hxg5 27. hxg5 Qxa3 $11) 26... hxg5 27. Bxf5 Rxf5) 26. Re8+ Rxe8 27. Qxe8+ {[%mdl 64] [#] Double Attack} Rf8 28. Qxd7 {[%mdl 64] Hoping for Qe6+. Double Attack} Qb3 29. Bxf5 {White wants to mate with Qf7+!} hxg5 30. hxg5 Qf3 31. Bc2 (31. Qe6+ $142 Kh8 32. Bc2) 31... Bc8 32. Qd5+ Qxd5 33. Rxd5 {Weighted Error Value: White=0.33/Black=0.38} 1-0

[Event "Icelandic Cup 2021"]
[Site "Reykjavik"]
[Date "2021.03.12"]
[Round "2.4"]
[White "Gretarsson, Hjorvar Steinn"]
[Black "Kjartansson, Gudmundur"]
[Result "1-0"]
[WhiteElo "2578"]
[BlackElo "2483"]
[Annotator "TA"]
[PlyCount "85"]
[EventDate "2021.03.03"]
[EventType "k.o."]
[EventCountry "ISL"]
[SourceTitle "playchess.com"]
[Source "ChessBase"]
[SourceQuality "1"]

{[%evp 18,85,26,31,35,18,13,11,12,12,17,8,30,27,21,6,27,36,37,10,23,25,35,5,8,6,36,34,34,33,27,30,31,42,44,30,30,13,37,37,37,37,37,37,37,34,37,0,47,27,127,0,0,0,0,0,0,0,38,42,375,123,467,123,212,171,537,521,499,400]} 1. c4 c6 2. d4 d5 3. cxd5 cxd5 4. Nc3 Nf6 5. Bf4 Nc6 6. e3 a6 7. Bd3 Bg4 8. Nge2 e6 9. O-O Be7 10. Rc1 O-O {D10: Slav Defence: 3 cxd5 (without early Nf3) and 3 Nc3.} 11. f3 Bh5 12. Bg3 Bg6 {The position is equal.} 13. Nf4 Bxd3 14. Nxd3 Na5 {[#]} 15. Na4 $146 ({Predecessor:} 15. b3 b5 16. Qd2 Nb7 17. a4 Qa5 18. Rb1 Nh5 19. Be1 Qb6 20. axb5 axb5 21. Qe2 {½-½ (50) Garcia Ortega Mendez,J (2328)-Alvarez Fernandez,E (2369) Porto 2012}) 15... Rc8 16. Qe2 Nh5 17. Bf2 Bd6 18. b3 (18. Nac5 {keeps more tension.} Qe7 19. g4 Nf6 20. Bh4 Rfd8 21. f4) 18... Rxc1 19. Rxc1 Qb8 20. g3 Nf6 21. Nac5 Bxc5 22. Nxc5 Rc8 23. g4 Nd7 24. Bg3 Qa8 25. Qd2 Nxc5 26. Qxa5 (26. dxc5 {with more complications.} Nc6 27. b4 Re8 28. a4 Qd8 29. h4) 26... Nd3 27. Rc7 Rxc7 28. Qxc7 {[#] Threatens to win with Qc3.} Nb4 29. a4 Nc6 30. Kg2 h6 31. h4 a5 32. Qd7 g6 33. Bf4 h5 (33... g5 $1 $11 34. hxg5 hxg5 35. Bxg5 Kg7) 34. gxh5 (34. Bg5 $16) 34... gxh5 $11 35. Bd6 Kg7 36. Kg3 Kg6 37. Bf4 Qd8 38. Qxb7 Nb4 {[%mdl 8192] [#]} (38... Ne7 $14) 39. Qc7 $2 (39. Bc7 $18 {and the rest is easy.} Qe8 40. Bxa5) 39... Qg8 {[%mdl 8192]} (39... Qxc7 $16 {is tougher.} 40. Bxc7 Nc6) 40. Qe5 $2 (40. Qxa5 $18 {and White stays clearly on top.} Nd3 41. Bd6 Kh7+ 42. Kh2) 40... f6 (40... Kh7+ $16 {was necessary.} 41. Qg5 Qg7) 41. Qc7 $18 Kf5+ $2 (41... Nd3 42. Qxa5 Nxf4 43. exf4 Kf7+ 44. Kh2 Qb8) 42. Kh2 Kg6 43. Bd6 {Weighted Error Value: White=0.39/Black=0.54} 1-0

[Event "Icelandic Cup 2021"]
[Site "Reykjavik"]
[Date "2021.03.12"]
[Round "2.4"]
[White "Stefansson, Hannes"]
[Black "Gretarsson, Helgi Ass"]
[Result "1-0"]
[WhiteElo "2536"]
[BlackElo "2440"]
[Annotator "TA"]
[PlyCount "81"]
[EventDate "2021.03.03"]
[EventType "k.o."]
[EventCountry "ISL"]
[SourceTitle "playchess.com"]
[Source "ChessBase"]
[SourceQuality "1"]

{[%evp 14,81,50,40,38,35,94,44,47,31,52,52,107,101,101,100,136,117,129,123,129,100,101,91,210,206,205,206,206,207,249,252,239,264,282,275,270,268,293,272,314,320,326,322,346,302,363,361,384,345,393,393,359,364,444,342,348,341,426,433,429,431,417,434,435,425,497,504,784,780]} 1. e4 d6 2. d4 Nf6 3. Nc3 Nbd7 4. Nf3 e5 5. Bc4 Be7 6. O-O c6 7. a4 Qc7 8. Re1 h6 {C41: Philidor Defence.} 9. h3 g5 (9... O-O $14) 10. Be3 Rg8 {[#] White is slightly better.} 11. Nh2 $146 ({Predecessor:} 11. Qd2 Nf8 12. dxe5 dxe5 13. Qd3 Ne6 14. a5 Nf4 15. Bxf4 gxf4 16. Nh4 Bb4 17. a6 {0-1 (87) McCorry,R (2076)-Gregory,K (2047) England 2013}) 11... h5 12. Be2 h4 (12... exd4 $14 13. Bxd4 h4) 13. d5 $16 Nf8 14. a5 a6 15. Bf3 cxd5 16. exd5 Bf5 17. Ra4 Qd7 18. Ng4 Bxg4 (18... Nxg4 $16 {keeps fighting.} 19. hxg4 (19. Bxg4 Bxg4 20. hxg4 Ng6 $14) 19... Bg6) 19. hxg4 $18 ({Less strong is} 19. Bxg4 Nxg4 20. hxg4 (20. Rxg4 Bd8 $11) (20. Qxg4 Rc8 $14) 20... Ng6 $14) 19... Rc8 {[#] Threatens to win with ...Rxc3!} 20. Rb4 Bd8 21. Qa1 N8h7 22. Qa3 Kf8 23. Ra1 Kg7 24. Qb3 Rc7 25. Bb6 Rc8 26. Ba7 Re8 27. Rxb7 Rc7 28. Rxc7 Bxc7 29. Qa4 Qe7 30. Be3 Rb8 31. Ra2 Qd8 32. Be2 Qc8 33. Qc4 Qb7 34. f3 Ra8 35. Kh1 Bb8 36. Qc6 Qxc6 37. dxc6 d5 {Black wants to play ...d4.} 38. Bb6 d4 {White is clearly winning.} 39. Ne4 Nd5 40. Bc4 Nb4 (40... Nc7 $142 41. c3 Nf6 42. Nxg5 Nfd5 43. cxd4 exd4 44. Bxd4+ f6) 41. Ra4 {Weighted Error Value: White=0.10/Black=0.27} 1-0

[Event "Icelandic Cup 2021"]
[Site "Reykjavik"]
[Date "2021.03.12"]
[Round "2.5"]
[White "Gretarsson, Helgi Ass"]
[Black "Stefansson, Hannes"]
[Result "0-1"]
[WhiteElo "2440"]
[BlackElo "2536"]
[Annotator "TA"]
[PlyCount "108"]
[EventDate "2021.03.03"]
[EventType "k.o."]
[EventCountry "ISL"]
[SourceTitle "playchess.com"]
[Source "ChessBase"]
[SourceQuality "1"]

{[%evp 10,108,8,12,17,0,4,12,3,0,9,6,0,2,19,0,55,-54,-12,-12,-7,-12,-13,-13,-10,-22,-28,-10,-17,-22,-17,-16,4,-11,0,9,19,-1,10,0,85,88,81,25,94,73,70,34,80,61,68,28,23,28,414,428,575,568,559,566,490,483,1834,1687,1202,629,629,-29997,-400,-400,-389,-368,-365,-29968,-29969,-29969,-29970,-29970,-29972,-29966,-29970,-29971,-29973,-29974,-29975,-29975,-29966,-29976,-29977,-29975,-29975,-29975,-29976,-29975,-29977,-29986,-29983,-29991,-29992,-29996,-29997]} 1. d4 Nf6 2. c4 e6 3. Nf3 b6 4. Bf4 Bb7 5. e3 Be7 6. Nc3 Nh5 {E12: Queen's Indian: Unusual White 4th moves, 4 a3, 4 Nc3 Bb7 5 a3 and 4 Nc3 Bb7 .} 7. Bd3 Nxf4 8. exf4 Bf6 {The position is equal.} 9. Be4 d5 10. cxd5 exd5 11. Bc2 {[#]} c5 $146 ({Predecessor:} 11... O-O 12. Qd3 Re8+ 13. Ne5 g6 14. O-O-O Bxe5 15. dxe5 c6 16. Ne4 Re6 17. h4 Nd7 {1-0 (26) Moradiabadi,E (2549)-Saidy,A (2321) Las Vegas 2018}) 12. Ba4+ Kf8 (12... Nc6 $11) 13. g4 (13. Ne5 $14) 13... Nc6 14. Bxc6 Bxc6 15. g5 Qe7+ 16. Kf1 Bxd4 17. Nxd4 cxd4 18. Qxd4 h6 19. h4 ({But not} 19. Nxd5 $2 Qd6 $19) 19... hxg5 20. fxg5 Re8 21. Kg2 Qd7 {Hoping for ...Re4!} 22. Rae1 Re6 23. Kg3 Kg8 24. f3 Qe7 (24... Qd6+ $11 25. Kg2 Kh7) 25. Rxe6 $16 Qxe6 26. Kf2 (26. h5 $16) 26... Qf5 (26... f6 $11 {remains equal.}) 27. Ne2 Kh7 28. Nf4 (28. Rc1 $5 {[%cal Rc1c6]} Rc8 29. Qg4 $14) 28... Qc2+ 29. Kg3 {Threatens to win with g6+!} Re8 30. h5 {Threatening mate with h6.} (30. Nh5 $5 {[%cal Rd4g7]} Qg6 31. Rc1 $1 $14) 30... Qf5 31. g6+ Kg8 $2 {[%mdl 8192]} (31... Kh6 $1 $11 {and Black is okay.}) 32. h6 $1 $18 gxh6 33. Rh5 Qb1 34. Rxh6 {[%csl Gd4][%cal Rh6h8]} Qe1+ 35. Kh2 {[%csl Gd4][%cal Rh6h8]} Re5 (35... Re2+ $142 36. Nxe2 Qxe2+ 37. Kg3 Qe1+ 38. Kf4 Qc1+ 39. Qe3 Qxe3+ 40. Kxe3 d4+ 41. Kxd4 Bxf3 42. gxf7+ Kxf7 43. Rh7+ Ke6 44. Rxa7 Kd6) 36. gxf7+ Kxf7 37. Rxc6 Qh4+ 38. Kg1 $4 {[%mdl 8192]} (38. Kg2 $18 Qe7 39. Rh6 Qg5+ 40. Kf1 Qxh6 41. Qxe5) 38... Re1+ (38... Qg3+ $142 39. Kh1 Re1+ 40. Qg1 Rxg1#) 39. Kg2 $19 {[#]} Qh1+ $1 40. Kg3 {Intending Qf6+ and mate.} Rg1+ 41. Kf2 $2 {[#]} (41. Qxg1 $19 Qxg1+ 42. Ng2) 41... Qh2+ $1 {Black mates.} 42. Ke3 Re1+ 43. Kd3 Rd1+ {[%mdl 64] Skewer} 44. Kc3 Rxd4 45. Kxd4 Qxf4+ {[%mdl 64] Double Attack} 46. Kxd5 Qxf3+ {[%mdl 4096] Endgame KQ-KR} 47. Kd6 Qf4+ 48. Kd7 Qd4+ 49. Kc8 Qxb2 50. Rc7+ Ke6 51. Rxa7 Kd6 52. Kb7 Kc5 53. Ra8 Qg2+ 54. Kb8 Kc6 {Quite a comeback for Black.  Weighted Error Value: White=0.54/Black=0.41} 0-1